000 00946nam a22002412a 4500
001 37161
003 BD-RjUL
005 20211209052602.0
008 141021s1973 enk 000 0 eng d
020 _a0241023858 (pbk)
035 _aOCLC ocm16238724 from D951113M
_a(BD-RjUL)37263
040 _aUKM
_cUKM
_dEQO
_dBD-RjUL
_beng
041 _aeng
082 _a428.24
_219
_bHUA 1973
100 1 _aHuxley, Julie.
_9113636
245 1 0 _aAdvanced comprehension practice in English :
_btwenty-one specially selected passages of modern English with questions and answers on comprehension, vocabulary, grammar and usage suitable for students preparing for the Cambridge Certificate of Proficiency /
_cJulie Huxley
260 _aLondon :
_bHamilton ;
_bSt George's Press,
_c1973.
300 _axiii, 145 p. ;
_c22 cm
650 0 _aEnglish language
_vTextbooks for foreign speakers
_922763
942 _2ddc
_cBK
999 _c37161
_d37161